000 00385nam a2200121Ia 4500
008 220615s9999||||xx |||||||||||||| ||und||
245 0 _aClinical and Genetic Aspects of Epilepsy
546 _aEnglish[eng]
650 _aNeurology & clinical neurophysiology
700 _aAfawi, Zaid
856 _uhttps://mts.intechopen.com/storage/books/628/authors_book/authors_book.pdf
942 _cEB
999 _c18365
_d18365